000 01951nam0a2200337 4500
001 RU\NLR\BIBL_A\022300592
005 20260420013414.0
010 _a978-5-907359-23-9
_9100
021 _aRU
_bКН-П-24-037916
_9КН-П-24-3793
035 _a(NLR Aleph) 022300592
090 _a13662840
_c13662840
100 _a20240815d2024 u y0rusy50 ca
101 0 _arus
102 _aRU
105 _aa j 000yy
181 0 _ai
_baxxe
182 0 _an
200 1 _aРеализация принципов организации и использования средств машинного обучения и искусственного интеллекта в медицине
_eучебное пособие
_eпо направлению подготовки 33.05.01 Фармация, профиль "Фармация"
_fА. Л. Золкин, В. Д. Мунистер
_gЧастное учреждение образовательная организация высшего образования Медицинский университет "РЕАВИЗ"
203 _aТекст
_bвизуальный
_cнепосредственный
210 _aСамара
_cМедицинский университет "РЕАВИЗ"
_d2024
215 _a122 с.
_cил.
_d21
300 _aНа 122-й с. 1-й авт.: Золкин А. Л., канд. техн. наук, доц.
320 _aБиблиогр.: с. 117-121 (41 назвю)
606 1 _aИскусственный интеллект
_jУчебные издания для высших учебных заведений
_xПрименение в медицине
_91265973
_3RU\NLR\AUTH\66520381
686 1 _aР.с51я73
700 1 _aЗолкин
_bА. Л.
_gАлександр Леонидович
701 1 _aМунистер
_bВ. Д.
_gВячеслав Денисович
942 _cBOOK
980 _aNB